000
00320nam a22001457a 4500
003
SGT
020
_a
978-93-3922160-7
082
_a
651.74
_b
B15C
100
_a
CARDON, PETER.W.
245
_a
BUSINESS COMMUNICATION
260
_a
NEW DELHI
_b
MC GRAW HILL
_c
2015
300
_a
556
650
_a
PHARMACY
942
_2
ddc
_c
BK
999
_c
11219
_d
11219